Sikh religion
保存先:
| フォーマット: | 図書 |
|---|---|
| 言語: | 英語 |
| 出版事項: |
Detroit
Sikh Missionary Center
1990
|
| 主題: | |
| タグ: |
タグ追加
タグなし, このレコードへの初めてのタグを付けませんか!
|
MARC
| LEADER | 00000nam a2200000 a 4500 | ||
|---|---|---|---|
| 001 | UCX7200 | ||
| 003 | CL-VaPUC | ||
| 008 | 931130e19900000US |||||||||||||||||eng|d | ||
| 082 | 0 | 4 | |a 294.6 |b SIK |2 21 |
| 245 | 1 | 0 | |a Sikh religion |
| 300 | |a 291 p | ||
| 942 | |c BK | ||
| 945 | |d 19931130 00:00:00 |a mfernand | ||
| 260 | |a Detroit |b Sikh Missionary Center |c 1990 | ||
| 650 | 7 | |a SIKHISMO |2 CL-VaPUC |9 324006 | |
| 583 | |a last modification |c 19931130 00:00:00 |k Rodrigo Vera | ||
| 999 | |c 227090 |d 227088 | ||
| 952 | |0 0 |1 0 |4 0 |6 294_600000000000000_SIK_1990 |7 0 |8 A |9 225879 |a BIBGIM |b BIBGIM |d 2019-11-15 |i 2945061 |o 294.6 SIK 1990 |p 2945061 |r 2025-01-15 |w 2019-11-15 |y BK |k ORI | ||